00573nam a2200157 a 450000100080000000500110000800800410001910000190006024500350007926000280011430000140014252002080015665300250036465300110038965300150040010187142018-02-20 1983 bl uuuu u0uu1 u #d1 aACARPA/EMATER. aPrepare uma boa alimentação. aCuritiba : ACARPAc1983 a1 FOLDER. aA boa alimentação. Como devemos nos alimentar. Comer bem. Como preparar os alimentos. Como preparar os alimentos construtores. Como preparar alimentos energéticos. Como preparar alimentos reguladores. aAlimentação humana aComida aNutrição